| 000 | 03242nam a2200253 i 4500 | ||
|---|---|---|---|
| 003 | DO-SdUEMH | ||
| 005 | 20260114164813.0 | ||
| 007 | ta | ||
| 008 | 260114s2006 dr |||gr|||| 00| 0 spa d | ||
| 020 | _a | ||
| 040 |
_aDO-SdUEMH _bspa _erda |
||
| 041 | _aspa | ||
| 082 | 1 | 4 |
_mRD _bV648 |
| 100 | 1 | _eaut | |
| 245 |
_aFormularios de los Procedimientos Civil y Comercial Dominicano / _cTrajano Vidal Potentini |
||
| 264 | 1 |
_aSanto Domingo, República Dominicana : _bDalis, _c2006 |
|
| 264 | 4 | _c©2006 | |
| 300 |
_a328 páginas : _c23 cm. |
||
| 336 |
_2rdacontent _atexto _btxt |
||
| 337 |
_2rdamedia _asin mediación _bn |
||
| 338 |
_2rdacarrier _avolumen _bnc |
||
| 505 | 2 | _aProcedimiento de desarrollo por falta de pagos de alquileres vencidos -- Procedimiento de desarrollo ante oficina de control alquileres -- Estado de gastos y honorarios en procedimiento de desalojo -- Procedimiento de impugnación estado de gastos y honorarios -- Procedimiento de Constitución de inmueble en bien de familia -- Procedimiento para constituir consejo de familia de menor de edad -- Procedimiento para recuperación de los jueces de paz -- Procedimiento para obtener copia de un acto -- Procedimiento para obtener la validez de un desistimiento -- Procedimiento de informativo testimonial -- Procedimiento de demanda en detención de actos de abogados y alguaciles -- Procedimiento de demanda en intervención forzosa -- Procedimiento de demanda en referimiento en suspensión de ejecución de sentencia -- Procedimiento de rectificación acta estado civil -- Procedimiento para retirar fondos de un banco propiedad de una sucesión -- Procedimiento de cambio de nombre de una persona -- Procedimiento de ejecución en los contratos de préstamos con garantía de prenda sin desapoderamiento -- Procedimiento para invocar un medio de inadmisibilidad -- Procedimiento de demanda de declaratoria de interdicción -- Procedimiento para pedir declaratoria de ausencia de una persona -- Procedimientos de solicitud de reapertura de debates -- Procedimiento de intervención voluntaria -- Procedimiento para adquirir nacionalidad dominicana por naturalización -- Procedimiento de inscripción en falsedad ante el juzgado de paz -- Procedimiento de inscripción en falsedad por ante la suprema corte de justicia -- Procedimiento de demanda en guarda de menor de edad -- Procedimiento de inscripción del lugares ( incidente de la prueba - medida de instrucción) -- Procedimiento de demanda incidental de proceso de validez de oferta real de pago -- Procedimiento de declaratoria de quiebra de compañía por acciones -- Procedimiento de contundencia y declaratoria del vencimiento de fianza judicial -- Procedimiento de solicitud de pronunciamiento de perención de instancia -- Procedimiento en caso de accidente de vehículos de motor -- Procedimiento de demanda en ejecución de contrato y pago de póliza de seguros -- Procedimiento de demanda en ejecución de un testamento (en entrega de un legado testamentario) -- Procedimiento de verificación de estructura y de firma -- Procedimiento de inscripción en falsedad (falsedad como incidente) -- Procedimiento para la liquidación de daños y perjuicios ordenados por sentencia. | |
| 942 |
_2ddc _cBK _n0 |
||
| 999 |
_c18340 _d18340 |
||